| 000 | 02420cam a22002533a 4500 | ||
|---|---|---|---|
| 001 | 3189 | ||
| 003 | PGUSA | ||
| 005 | 20140828083027.0 | ||
| 008 | 040627s2004||||xxu|||||s|||||000 p eng d | ||
| 040 |
_aPGUSA _beng |
||
| 042 | _adc | ||
| 050 | 4 | _aPS | |
| 100 | 1 |
_aTwain, Mark, _d1835-1910 |
|
| 245 | 1 | 0 |
_aSketches New and Old _h[electronic resource] / _cMark Twain |
| 260 |
_bProject Gutenberg, _c2004 |
||
| 505 | 0 | _aMy watch -- Political economy -- The jumping frog -- Journalism in Tennessee -- The story of the bad little boy -- The story of the good little boy -- A couple of poems by Twain and Moore -- Niagara -- Answers to correspondents -- To raise poultry -- Experience of the McWilliamses with membranous croup -- My first literary venture -- How the author was sold in Newark -- The office bore -- Johnny Greer -- The facts in the case of the great beef contract -- The case of George Fisher -- Disgraceful persecution of a boy -- The judge's "spirited woman" -- Information wanted -- Some learned fables for good old boys and girls -- My late senatorial secretaryship -- A fashion item -- Riley, Newspaper correspondent -- A fine old man -- Science vs. luck -- The late Benjamin Franklin -- Mr. Bloke's item -- A medieval romance -- Petition concerning copyright -- After-dinner speech -- Lionising murderers -- A new crime -- A curious dream -- A true story -- The Siamese twins -- Speech at the Scottish banquet at London -- A ghost story -- The Capitoline Venus -- Speech on accident insurance -- John Chinaman in New York -- How I once edited an agricultural paper -- The petrified man -- My bloody massacre -- The undertaker's chat -- Concerning chambermaids -- Aurelia's unfortunate young man -- "After" Jenkins -- About barbers -- "Party cries" in Ireland -- The facts concerning the recent resignation -- History repeats itself -- Honored as a curiosity -- First interview with Artemus Ward -- Cannibalism in the cars -- The killing of Julius Caesar "localized" -- The widow's protest -- The scriptural panoramist -- Curing a cold -- A curious pleasure excursion -- Running for governor -- A mysterious visit. | |
| 506 | _aPublic domain in the USA. | ||
| 516 | _aElectronic text | ||
| 653 | _aUnited States -- Social life and customs -- Fiction | ||
| 653 | _aHumorous stories, American | ||
| 830 | 0 |
_aProject Gutenberg _v3189 |
|
| 856 | 4 | 0 | _uhttp://www.gutenberg.org/ebooks/3189 |
| 942 | _cEB | ||
| 999 |
_c232518 _d232518 |
||